Les sciences et les arts occultes au XVIe. siècle (Record no. 162623)
[ view plain ]
| 000 -LEADER | |
|---|---|
| campo de control de longitud fija | 00941nam a2200217 i 4500 |
| 001 - NÚMERO DE CONTROL | |
| campo de control | 162623 |
| 003 - IDENTIFICADOR DE NÚMERO DE CONTROL | |
| campo de control | ES-MaACL |
| 005 - FECHA Y HORA DE LA ÚLTIMA TRANSACCIÓN | |
| campo de control | 20251212170258.0 |
| 008 - DATOS DE LONGITUD FIJA--INFORMACIÓN GENERAL | |
| campo de control de longitud fija | 041123m18811882fr |||| |bfre d |
| 040 ## - FUENTE DE CATALOGACIÓN | |
| Centro catalogador/agencia de origen | CAM |
| Lengua de catalogación | spa |
| Centro/agencia transcriptor | CAM |
| 080 ## - NÚMERO DE LA CLASIFICACIÓN DECIMAL UNIVERSAL | |
| Número de la Clasificación Decimal Universal | 929 Agrippa von Nettesheim, Heinrich Cornelius 133"15" |
| 100 1# - ENTRADA PRINCIPAL--NOMBRE DE PERSONA | |
| Nombre de persona | Prost, Auguste. |
| 9 (RLIN) | 131387 |
| 245 14 - MENCIÓN DEL TÍTULO | |
| Título | Les sciences et les arts occultes au XVIe. siècle |
| Resto del título | : Corneille Agrippa, sa vie et ses oeuvres / |
| Mención de responsabilidad, etc. | par Aug. Prost. |
| 260 ## - PUBLICACIÓN, DISTRIBUCIÓN, ETC. | |
| Lugar de publicación, distribución, etc. | Paris : |
| Nombre del editor, distribuidor, etc. | Champion, libraire, |
| Fecha de publicación, distribución, etc. | 1881-1882 ( |
| Lugar de fabricación/manufactura | Le Puy : |
| Fabricante | Imprimerie et lithographie Marchessou Fils) |
| 300 ## - DESCRIPCIÓN FÍSICA | |
| Extensión | 2 v. (XXXIX, 401 ; 543, [2] p.) ; |
| Dimensiones | 23 cm. |
| 600 17 - PUNTO DE ACCESO ADICIONAL DE MATERIA--NOMBRE DE PERSONA | |
| Nombre de persona | Agrippa von Nettesheim, Heinrich Cornelius, |
| Fechas asociadas al nombre | 1486-1535 |
| Fuente del encabezamiento o término | |
| 9 (RLIN) | 147833 |
| 650 #7 - PUNTO DE ACCESO ADICIONAL DE MATERIA--TÉRMINO DE MATERIA | |
| Término de materia o nombre geográfico como elemento de entrada | Ocultismo |
| Fuente del encabezamiento o término | embne |
| 9 (RLIN) | 15681 |
| 852 ## - LOCALIZACIÓN | |
| Ubicación | ES-MaACL |
| Número de control de estantería | F-9928-29 |
| Nota libre | . - Rúst. |
| 856 ## - LOCALIZACIÓN Y ACCESO ELECTRÓNICOS | |
| Identificador Uniforme de Recursos | <a href="http://www.archive.org/details/lessciencesetle00prosgoog ">http://www.archive.org/details/lessciencesetle00prosgoog </a> |
| Nota pública | Ir a la página |
| -- | ( v. 1) |
| Estatus retirado | Estado de pérdida | Estado de daño | No para préstamo | Colección | Biblioteca de origen | Biblioteca actual | Ubicación en estantería | Fecha de adquisición | Total de préstamos | Signatura topográfica completa | Código de barras | Visto por última vez | Precio de reemplazo | Tipo de ítem Koha |
|---|---|---|---|---|---|---|---|---|---|---|---|---|---|---|
| Colección digital | Biblioteca del Ateneo de Madrid | Biblioteca del Ateneo de Madrid | Sala Pecera Planta 2 | 17/01/2008 | F-9928-29 | 1170367 | 23/02/2023 | 23/02/2023 | Libro impreso antiguo |
